00545 2200193 4500001002100000005001500021035002000036007000300056008004100059020001800100082001000118084001600128100001500144245008100159260004400240300003800284650001500322990001400337INLIS00000000000245520250730115102 a0010-0725000561ta250730 g 0 ind  a979-537-038-3 a658.3 a658.3 TIM s0 aTimpe Dale1 aSeri Manajemen Sumber Daya Manusia, Kreativitas ( Creativity ) /cDale Timpe aJakarta :bAlex Media Komputindo,c1992 axvii, 472 hlm :bilus. ;c23,7 cm 4aKrativitas aBUN025705